|
|
|
|
| LEADER |
02038nam a2200517 a 4500 |
| 001 |
000444259 |
| 003 |
CZ BrMZK |
| 005 |
20210120143731.0 |
| 007 |
ta |
| 008 |
990315s1999 xr f 0 cze d |
| 015 |
|
|
|a cnb000769173
|
| 020 |
|
|
|a 80-7242-061-5
|
| 035 |
|
|
|a (OCoLC)44147805
|
| 040 |
|
|
|a BOA001
|b cze
|
| 043 |
|
|
|a e-ur---
|
| 045 |
|
|
|a x3x4
|
| 072 |
|
7 |
|a 355/359
|x Vojenství. Obrana země. Ozbrojené síly
|2 Konspekt
|9 15
|
| 080 |
|
|
|a 355.081
|2 MRF
|
| 080 |
|
|
|a 94(100)"1939/1945"
|2 MRF
|
| 080 |
|
|
|a 355.422
|2 MRF
|
| 080 |
|
|
|a 355.02
|2 MRF
|
| 080 |
|
|
|a (47+57)
|2 MRF
|
| 080 |
|
|
|a (0:82-96)
|2 MRF
|
| 100 |
1 |
|
|a Fugate, Bryan
|4 aut
|
| 245 |
1 |
0 |
|a Bouře na Dněpru :
|b Žukov, Stalin a porážka Hitlerovy bleskové války /
|c Bryan I. Fugate, Lev Dvoreckij
|
| 250 |
|
|
|a Vyd. 1.
|
| 260 |
|
|
|a Brno :
|b Jota,
|c 1999
|
| 300 |
|
|
|a 367 s., [22] s. mapových příloh ;
|c 21 cm
|
| 490 |
1 |
|
|a Jota - Military ;
|v sv. 43
|
| 500 |
|
|
|a Dostupné též v digitální podobě v aplikaci Kramerius
|
| 600 |
1 |
7 |
|a Žukov, Georgij Konstantinovič,
|d 1896-1974
|7 jn19990210675
|2 czenas
|
| 600 |
1 |
7 |
|a Stalin, Iosif Vissarionovič,
|d 1879-1953
|7 jn19990210582
|2 czenas
|
| 648 |
|
7 |
|a 1939-1945
|7 ch460653
|2 czenas
|
| 648 |
|
7 |
|a 20. století
|7 ch460558
|2 czenas
|
| 650 |
0 |
7 |
|a maršálové
|7 ph122651
|z Sovětský svaz
|y 20. století
|2 czenas
|
| 650 |
0 |
7 |
|a druhá světová válka (1939-1945)
|7 ph117270
|z Sovětský svaz
|2 czenas
|
| 650 |
0 |
7 |
|a bojové operace
|7 ph137689
|z Sovětský svaz
|2 czenas
|
| 650 |
0 |
7 |
|a vojenská politika
|7 ph124245
|z Sovětský svaz
|y 1939-1945
|2 czenas
|
| 655 |
|
7 |
|a literatura faktu
|7 fd132773
|2 czenas
|
| 700 |
1 |
|
|a Dvoreckij, Lev Semenovič
|7 xx0006542
|4 aut
|
| 765 |
0 |
|
|t Thunder on the Dnepr
|
| 830 |
|
0 |
|a Jota - Military
|
| 856 |
4 |
1 |
|u http://www.digitalniknihovna.cz/mzk/uuid/uuid:8753e3b0-5a9f-11e5-bc53-005056827e52
|y Digitalizovaný dokument
|x NDK
|
| 910 |
|
|
|a BOA001
|b 2-1064.938
|
| 990 |
|
|
|a BK
|
| 996 |
6 |
|
|b 2610103734
|c 2-1064.938
|l MZK
|r Sklad / do 1 hodiny
|n 6
|p p.v.
|w 000444259
|u 000010
|a 1
|e BOA001
|j MZK50
|s P
|